<?xml version="1.0" encoding="UTF-8"?>
<record
    xmlns:xsi="http://www.w3.org/2001/XMLSchema-instance"
    xsi:schemaLocation="http://www.loc.gov/MARC21/slim http://www.loc.gov/standards/marcxml/schema/MARC21slim.xsd"
    xmlns="http://www.loc.gov/MARC21/slim">

  <leader>01190    a2200217   4500</leader>
  <controlfield tag="001">58589</controlfield>
  <controlfield tag="005">20260407155842.0</controlfield>
  <controlfield tag="008">260407a1969    arg                 spa d</controlfield>
  <controlfield tag="003">AR-UNSa-BCEJYS</controlfield>
  <datafield tag="040" ind1=" " ind2=" ">
    <subfield code="a">AR-UNSa-BCEJYS</subfield>
    <subfield code="b">spa</subfield>
    <subfield code="c">AR-UNSa-BCEJYS</subfield>
  </datafield>
  <datafield tag="080" ind1=" " ind2=" ">
    <subfield code="a">347.2</subfield>
    <subfield code="x">Derechos reales. Cosas. Bienes muebles</subfield>
  </datafield>
  <datafield tag="245" ind1="1" ind2="0">
    <subfield code="a">Lecciones de derechos reales</subfield>
  </datafield>
  <datafield tag="264" ind1=" " ind2="1">
    <subfield code="a">C&#xF3;rdoba :</subfield>
    <subfield code="b">Ediciones Lerner</subfield>
    <subfield code="c">1969</subfield>
  </datafield>
  <datafield tag="300" ind1=" " ind2=" ">
    <subfield code="a">354 p.</subfield>
    <subfield code="c">25 cm.</subfield>
  </datafield>
  <datafield tag="505" ind1=" " ind2=" ">
    <subfield code="a">1. Introducci&#xF3;n al estudio de los derechos reales &#x2013; 2. La posesi&#xF3;n, sus elementos, objeto y clases &#x2013; 3. Adquisici&#xF3;n de la posesi&#xF3;n &#x2013; 4. Efectos de la posesi&#xF3;n. Conservaci&#xF3;n y p&#xE9;rdida de la posesi&#xF3;n. La simple tenencia &#x2013; 5. La protecci&#xF3;n posesoria &#x2013; 6. Las acciones posesorias &#x2013; 7. Dominio. Funci&#xF3;n social de la propiedad &#x2013; 8. Restricciones y l&#xED;mites al dominio. Modos de adquirir dominio &#x2013; 9. Modos de adquirir el dominio (continuaci&#xF3;n)  &#x2013; 10. Efectos de la posesi&#xF3;n: cosas muebles &#x2013; 11. Prescripci&#xF3;n adquisitiva o usucapi&#xF3;n &#x2013; 12. Condominio. Indivisi&#xF3;n forzosa</subfield>
  </datafield>
  <datafield tag="041" ind1=" " ind2=" ">
    <subfield code="a">spa</subfield>
  </datafield>
  <datafield tag="942" ind1=" " ind2=" ">
    <subfield code="c">BK</subfield>
  </datafield>
  <datafield tag="590" ind1=" " ind2=" ">
    <subfield code="a">niveau_biblio:m niveau_hierar:0</subfield>
  </datafield>
  <datafield tag="100" ind1="1" ind2=" ">
    <subfield code="a">Valdes, Horacio</subfield>
  </datafield>
  <datafield tag="700" ind1="1" ind2=" ">
    <subfield code="a">Orchansky, Benito</subfield>
  </datafield>
  <datafield tag="999" ind1=" " ind2=" ">
    <subfield code="c">6458</subfield>
    <subfield code="d">6458</subfield>
  </datafield>
  <datafield tag="952" ind1=" " ind2=" ">
    <subfield code="0">0</subfield>
    <subfield code="1">0</subfield>
    <subfield code="4">0</subfield>
    <subfield code="7">0</subfield>
    <subfield code="a">BCEJYS</subfield>
    <subfield code="b">BCEJYS</subfield>
    <subfield code="c">16</subfield>
    <subfield code="d">2026-04-07</subfield>
    <subfield code="l">0</subfield>
    <subfield code="o">347.2 V144 v.1</subfield>
    <subfield code="p">L87219</subfield>
    <subfield code="r">2026-04-07 15:58:42</subfield>
    <subfield code="w">2026-04-07</subfield>
    <subfield code="y">L</subfield>
  </datafield>
</record>
